000 02091nam a2200433 c 4500
003 BLK
005 20240704105848.0
008 180409b bul|||||r ||||||| ||bul||
010 _aKNG00137006000
020 _a978-954-515-114-9
_bиздат.: Милениум
040 _aBLK
041 _aBUL
_cBUL
072 7 _2bullib
_aН35
_xОбществено управление. Военни науки Н
080 _aОргани на обществения ред. Полиция. Обществена власт. Доброволни отреди. Държавна сигурност. Милиция. Дейност на полицията по вътрешно разузнаване
_b351.74
_x(47+57)
_z351.74(47+57)
080 _aШпионаж. Политическо влияние чрез тайни (разузнавателни) служби
_b327.84
_x
_z327.84
100 1 _aУгърчинска, Румяна Вълчева
_eпърви автор
_9322627
700 _aАтанасов, Гриша Александров
_d1957-
_9382230
139 _aУгърчинска, Румяна Вълчева
_bУ 24
245 1 0 _aКГБ сие
_cРумяна Вълчева Угърчинска; прев. от фр. Гриша Атанасов.
257 _aBGR
260 София
_bМилениум
_c2010
300 _a344 с.
_bс факс.
_c23 см
380 _a3
500 _aОриг. загл. KGB cie a l'assaut de l'Europe / Roumiana Ougartchinska. - Библиогр. под линия.
650 4 _aДържавна сигурност - СССР
_9256592
650 4 _aСССР - история
_9246855
650 4 _aСССР - разузнаване
_9322628
650 4 _aШпионаж и диверсия
_9242689
653 _aразузнаване
653 _aдържавна сигурност
653 _aКГБ
659 _aН
852 _aЦб 257365
856 4 _qpdf
_u
856 4 _qpdf
_u
942 _cKNG
_n0
944 _aCR
_c05.04.2007
_k30560
_lГеновева Генчева
944 _aED
_c14.02.2013
_k
999 _c131199
_d131199